IFM Opac

Managerial Economics (Record no. 22175)

MARC details
000 -LEADER
fixed length control field 00317nam a22001337a 4500
020 ## - INTERNATIONAL STANDARD BOOK NUMBER
ISBN 978-0-19-806111-3
082 ## - DEWEY DECIMAL CLASSIFICATION NUMBER
Classification number 338.5
100 ## - MAIN ENTRY--AUTHOR NAME
Personal name Damodaran, Suma
245 ## - TITLE STATEMENT
Title Managerial Economics
250 ## - EDITION STATEMENT
Edition statement 2nd
260 ## - PUBLICATION, DISTRIBUTION, ETC. (IMPRINT)
Place of publication New Delhi:
Name of publisher Oxford University Press,
Year of publication 2010
300 ## - PHYSICAL DESCRIPTION
Number of Pages xvi, 591p.: ill.; 24cm
942 ## - ADDED ENTRY ELEMENTS (KOHA)
Koha item type Books
Holdings
Withdrawn status Lost status Damaged status Not for loan Collection code Permanent Location Current Location Shelving location Date acquired Source of acquisition Full call number Accession Number Price effective from Koha item type
        Non-fiction IFM Main Campus Library IFM Main Campus Library Work Room processing 01/16/2026 Purchased 338.5 DAM 0000023519 01/16/2026 Books
        Non-fiction IFM Main Campus Library IFM Main Campus Library Work Room processing 01/16/2026 Purchased 338.5 DAM 0000023521 01/16/2026 Books
        Non-fiction IFM Main Campus Library IFM Main Campus Library Work Room processing 01/16/2026 Purchased 338.5 DAM 0000023522 01/16/2026 Books
        Non-fiction IFM Main Campus Library IFM Main Campus Library Work Room processing 01/16/2026 Purchased 338.5 DAM 0000023520 01/16/2026 Books